[Event "Lvov Vasylyshyn Memorial-A 11th"]
[Site "Lvov"]
[Date "2014.11.19"]
[Round "2"]
[White "Zakhartsov, Viacheslav V"]
[Black "Firat, Burak"]
[Result "1-0"]
[WhiteElo "2547"]
[BlackElo "2459"]
[Annotator "Zakhartsov,Vi"]
[PlyCount "97"]
[EventDate "2014.11.18"]
[EventType "tourn"]
[EventRounds "9"]
[EventCountry "UKR"]
[EventCategory "9"]
[SourceTitle "CBM 164"]
[Source "ChessBase"]
[SourceDate "2015.01.15"]
[SourceVersion "1"]
[SourceVersionDate "2015.01.15"]
[SourceQuality "1"]

1. d4 d5 2. c4 c6 3. Nc3 Nf6 4. e3 e6 5. Nf3 Nbd7 6. Bd3 dxc4 7. Bxc4 b5 8. Bd3
a6 9. a4 {This leads to more simple play than the more common} (9. e4 c5 10. e5
(10. d5 c4) 10... cxd4 11. Nxb5 axb5 12. exf6 gxf6) 9... b4 10. Ne4 c5 11.
Nxf6+ Nxf6 12. dxc5 Bxc5 ({Probably, a more precise move would be} 12... Bb7 {
, not allowing e3-e4.}) 13. Qe2 Bb7 14. O-O {I didn't mind facing Black's next
move, although} (14. e4 {would be better:} Ng4 15. O-O Qb8 16. Bd2 O-O 17. Rac1
Be7 18. g3 {with an edge.}) 14... Qd5 ({After} 14... O-O 15. e4 {White enjoys
a pleasant edge: he has ideas of Bf4 or Bg5, with Rac1 following.}) 15. Rd1 Qh5
16. h3 (16. b3 {is less precise due to} Ne4 (16... O-O 17. Bb2 a5 18. Rac1 Rfd8
19. Ne5 Qg5 $6 (19... Qxe2 20. Bxe2 Ne4 {would be better}) 20. g3 Rd5 $2 (20...
Rdc8) 21. h4 Qh6 22. e4 {and White won in Zakhartsov - Kozionov, Izhevsk 2014})
17. Bb2 Nc3 18. Bxc3 bxc3 19. Rac1 Bb4 {with equality, Molchanova -
Shaidullina, Serpukhov 2008.}) 16... Rd8 {Better than} (16... O-O 17. e4 Rfd8
18. Bf4 a5 19. Rac1 {with a pleasant edge.}) 17. b3 O-O ({After} 17... e5 18.
Bb2 e4 {White has the trick} 19. Bb5+ $1 Ke7 20. Ne5 Qxe2 (20... axb5 21. Nc6+
$1 Ke6 (21... Bxc6 {drops the queen:} 22. Bxf6+) 22. Qxh5 Nxh5 23. Nxd8+ {
, winning}) 21. Bxe2 {with advantage.}) 18. Bb2 a5 19. Rac1 Bb6 (19... Ne4 20.
Ne5 Qg5 21. Qg4 Qxg4 22. hxg4 {with an edge, Tomashevsky - Riazantsev,
Ulan-Ude 2009.}) 20. Ne5 Qxe2 (20... Qg5 {was worse due to} 21. Nc6) 21. Bxe2
Rxd1+ 22. Rxd1 (22. Bxd1 {was slightly better, although Black should gradually
level the game:} Rc8 23. Nc4 Bd8 24. Be2 Nd7) 22... Rd8 23. Rxd8+ Bxd8 {
The game is level.} 24. Bd4 $6 (24. f3 {was more accurate, but this would lead
to full equality:} Nd5 25. Bd4 Bb6) 24... Bd5 $6 {In approaching time trouble
he has made the simplest move to see, overlooking} (24... Ne4 $1 {(with the
threat ...Nd2), which forced the following continuation:} 25. Nc4 Ba6 26. Bd3
Bxc4 27. bxc4 Nd2 28. f4 Nb3 29. Kf2 Nxd4 30. exd4 Bf6 {with alikely draw.})
25. Bc4 Bc7 26. Bxd5 Nxd5 27. Nc4 f6 28. Kf1 e5 $2 {Overlooking White's answer.
} ({He should play} 28... Kf7 29. e4 Ne7 30. Ke2 Nc6 31. Kd3 Ke7 32. Bc5+ Kd8 {
Of course, White would have an advantage, but not a straightforward win.
Compared with the text, the white king can not get on to c4 easily, because
after Nb6 Black has ...Ne5.}) 29. e4 $1 Ne7 30. Bc5 Nc6 31. Ke2 Kf7 32. Kd3 {
Now White has a big, probably decisive, advantage.} Ke6 33. Nb6 f5 34. f3 (34.
exf5+ Kxf5 35. Kc4 {would be easier:} Nd4 (35... Ke6 36. Kb5 Nd4+ 37. Kxa5
Nxb3+ 38. Kxb4) 36. Nd5 Bd8 37. Bxd4 exd4 38. Kxd4 {but I didn't want to
change the pawn structure.}) 34... g6 (34... Bd8 35. Kc4 fxe4 36. fxe4 Na7 37.
Nd5 Nc6 38. Bg1 (38. Kb5 Nd4+) 38... h5 39. Kc5 Na7 40. Ne3 Nc8 41. Nc4 Na7 42.
Bh2 Bc7 43. Bg3 {and Black has gradually fallen into zugzwang.}) 35. Nd5 Bd8
36. Kc4 fxe4 37. fxe4 h5 38. Bf2 Kd6 39. Be3 h4 40. Bf2 {The same motif of
zugzwang. Black is forced to move one of his pieces, and his position
collapses.} Bg5 41. Bc5+ Kd7 42. Kb5 Bd2 (42... Bd8 43. Nb6+ Kc7 44. Nc4 Kd7 (
44... Kb7 45. Nd6+ Kc7 46. Nf7) 45. Bb6 {and the black pawns fall.}) 43. Nb6+
Kc7 44. Nc4 Bc3 45. Bb6+ Kd7 46. Nxa5 Ne7 47. Be3 Nc8 48. Bc5 Bd4 49. Nc6 1-0